Nautical Novels Quiz Stats

Quiz Updated Nov 10, 2015

Challenge
Share
Tweet
Embed
Score 0/20 Timer 05:00
2 Plays Today
Author Book % Correct
Herman MelvilleMoby-Dick
97.7%
Ernest HemingwayThe Old Man and the Sea
90.9%
Jules VerneTwenty Thousand Leagues Under the Sea
83.6%
HomerThe Odyssey
82.3%
Robert Louis StevensonTreasure Island
79.7%
Daniel DefoeRobinson Crusoe
72.6%
Tom ClancyThe Hunt for Red October
63.5%
Jonathan SwiftGulliver's Travels
58.2%
Yann MartelLife of Pi
49%
C.S. LewisThe Voyage of the Dawn Treader
46.4%
Author Book % Correct
Patrick O'BrianMaster and Commander
22.6%
Joseph ConradLord Jim
21.3%
Herman WoukThe Caine Mutiny
14.4%
C.S. ForesterMr. Midshipman Hornblower
14.2%
Lothar-G√ľnther BuchheimDas Boot
12.4%
Charles Bernard NordhoffMutiny on the Bounty
11.5%
Rudyard KiplingCaptains Courageous
6.5%
Nicholas MonsarratThe Cruel Sea
6%
Erskine ChildersThe Riddle of the Sands
4.9%
L.A. MeyerBloody Jack: Being an Account of the Curious Adventures of Mary 'Jacky' Faber, Ship's Boy
2.5%

You're not logged in!

Compare scores with friends on all Sporcle quizzes.
Sign Up with Email
OR
Log In

You Might Also Like...

Show Comments

Extras

Top Quizzes Today


Score Distribution

Your Account Isn't Verified!

In order to create a playlist on Sporcle, you need to verify the email address you used during registration. Go to your Sporcle Settings to finish the process.